| 000 | 00788cam a2200253Ia 4500 | ||
|---|---|---|---|
| 020 | _a9789251058497 | ||
| 020 | _a9251058490 | ||
| 022 | _a19962738 | ||
| 040 | _cNLGGC | ||
| 082 | _aFAO GOO 2007 C136 Or. | ||
| 100 | 1 | _aRolle, Rosa S. | |
| 245 | 1 | 0 | _aGood practice for the small-scale production of bottled coconut water / |
| 300 |
_aix, 35 pages : _bcolor illustrations ; _c21 cm |
||
| 490 | 1 | _aAgricultural and food engineering training and resource materials, | |
| 500 | _a"TC/M/A1418E/1/11/07/2500"--P. [4] of cover | ||
| 650 | 0 | _aCoconut products | |
| 650 | 0 | _aCoconut products | |
| 650 | 0 | _aCoconut water | |
| 650 | 0 | _aCoconut water | |
| 650 | 0 | _aBeverages | |
| 650 | 0 | _aFood | |
| 710 | 2 | _aFood and Agriculture Organization of the United Nations. | |
| 942 | _cAEDBB | ||
| 999 |
_c21087 _d21087 |
||